Distribución regional y condiciones ecológicas de los eucaliptos cultivados en la Argentina : problemas inherentes /

Guardado en:
Autor Principal: Golfari, Lamberto.
Formato: Libro
Idioma:Spanish
Publicado: Buenos Aires : CIEF, 1985.
Series:Publicación técnica, nº 1
Etiquetas: Agregar Etiqueta
Sin Etiquetas, Sea el primero en etiquetar este registro!
LEADER 00573nam a22001455a 4500
001 EEA.libagro008686
005 20171017092231.0
008 130809s1985####ag#a##########000#0#spa#d
082 0 4 |a 634.97342 
100 1 |a Golfari, Lamberto. 
245 1 0 |a Distribución regional y condiciones ecológicas de los eucaliptos cultivados en la Argentina :  |b problemas inherentes /  |c Lamberto Golfari. 
260 |a Buenos Aires :  |b CIEF,  |c 1985. 
300 |a 19 p. :  |b il., mapas ;  |c 25 cm. 
490 1 |a Publicación técnica,  |x 0326-7318 ;  |v nº 1 
859 |a AR-BbBCA  |b BIB. AGRONOMIA  |h 634.97342  |i G625  |p 2012/6079